00289nam a22001097a 4500003000400000020001500004082001900019100003800038245004900076260004600125300000800171SGT a817055196X a891.4309bM02J aजैन, निर्मला  aमहादेवी संचयिता  bवाणी प्रकाशन c2002 a434